| 000 | 00675nmc a2200265 a 4500 | ||
|---|---|---|---|
| 003 | AR-BaBNM | ||
| 005 | 20251128211248.0 | ||
| 008 | 033020s1996 ||||||||||||||000 | spa|| | ||
| 020 | _a950-9385-67-0 | ||
| 040 | _cAR-BaBNM | ||
| 245 | 1 | 0 | _aHacer la democracia |
| 260 |
_aBuenos Aires _bCiudad Argentina _c1996 |
||
| 300 | _a430 p. | ||
| 490 | 0 | _aMonografías Jurídicas | |
| 650 | 4 | _aDERECHOS HUMANOS | |
| 650 | 4 | _aCONSTITUCIONES | |
| 650 | 4 | _aTEORIA DEL DERECHO | |
| 650 | 4 | _aDEMOCRACIA | |
| 650 | 4 | _aESTADO | |
| 650 | 4 | _aHISTORIA POLITICA | |
| 650 | 4 | _aFILOSOFIA DEL DERECHO | |
| 700 | 1 |
_aSandler, Héctor _ecoordinador |
|
| 942 | _cBK | ||
| 998 | _cMariana | ||
| 999 |
_c18904 _d18904 |
||